000
00257nam a2200097Ia 4500
001
887422
005
20250826182835.0
008
250824s9999 xx 000 0 und d
245
0
_a
BOZKIRIN EFENDİSİ CENGİZ HAN
_c
MEHMET S. FETHİ
260
_b
PANAMA YAYINLARI
999
_c
887422
_d
887422